Radiografía del dictador / (Record no. 137716)

MARC details
000 -LEADER
campo de control de longitud fija 00559nam a2200193 4500
001 - NÚMERO DE CONTROL
campo de control 137716
003 - IDENTIFICADOR DE NÚMERO DE CONTROL
campo de control ES-MaACL
005 - FECHA Y HORA DE LA ÚLTIMA TRANSACCIÓN
campo de control 20250605122319.0
007 - CAMPO FIJO DE DESCRIPCIÓN FÍSICA--INFORMACIÓN GENERAL
campo de control de longitud fija t|
008 - DATOS DE LONGITUD FIJA--INFORMACIÓN GENERAL
campo de control de longitud fija 070214s1968 sp r ||||1| spa d
100 1# - ENTRADA PRINCIPAL--NOMBRE DE PERSONA
Nombre de persona Salgado, Enrique.
9 (RLIN) 101895
245 10 - MENCIÓN DEL TÍTULO
Título Radiografía del dictador /
Mención de responsabilidad, etc. Enrique Salgado ; prólogo de Salvador Paniker.
250 ## - MENCION DE EDICION
Mención de edición 1ª ed.
260 ## - PUBLICACIÓN, DISTRIBUCIÓN, ETC.
Lugar de publicación, distribución, etc. Barcelona :
Nombre del editor, distribuidor, etc. Nauta,
Fecha de publicación, distribución, etc. 1968.
300 ## - DESCRIPCIÓN FÍSICA
Extensión 256 p. ;
Dimensiones 19 cm.
700 1# - ENTRADA AGREGADA--NOMBRE PERSONAL
Nombre de persona Pániker, Salvador,
Fechas asociadas al nombre 1927-
9 (RLIN) 88794
852 ## - LOCALIZACIÓN
Ubicación ES-MaACL
Número de control de estantería C-51619
Sublocalización o colección R.65951
Holdings
Estatus retirado Estado de pérdida Estado de daño No para préstamo Biblioteca de origen Biblioteca actual Ubicación en estantería Fecha de adquisición Fuente de adquisición Total de préstamos Signatura topográfica completa Código de barras Visto por última vez Precio de reemplazo Tipo de ítem Koha
        Biblioteca del Ateneo de Madrid Biblioteca del Ateneo de Madrid Depósito 2 17/01/2008     C-51619 1143311 23/02/2023 23/02/2023 Libro impreso